000 01019cam a2200253 a 4500
003 EG-GiCUC
008 170525s2015 sy g 000 0 ara d
040 _aEG-GiCUC
_bara
_cEG-GiCUC
092 0 4 _a909
_bK1839
_221
099 _a04
_a909 K1839
100 1 _aعبد الكريم : حيدر زكى
245 1 0 _aصفحات من التاريخ المعاصر من الشرق و الغرب :
_bمجموعة مقالات و بحوث /
_cاعداد حيدر زكى عبد الكريم
250 _a
260 _aدمشق :
_bتمور للطباعة و النشر و التوزيع :
_c2015
300 _a188ص ؛
_c24سم
504 _aيشتمل على ارجاعات ببليوجرافية
650 7 _aالعالم
_xتاريخ
_2qrmak
651 7 _aالعالم
_xاحوال سياسية
_2qrmak
902 _a1
905 _aابراهيم
_eمراجع
905 _aرضا
_eمدخل
942 _2ddc
_cBK
999 _c147026
_d147026